NBA Players by Picture - Bosnia and Herzegovina - Statistics

General Stats
  • This quiz has been taken 22 times
  • The average score is 2 of 7
Answer Stats
Picture Answer % Correct
Jusuf Nurkić
95%
Luka Garza
65%
Džanan Musa
40%
Mirza Teletović
35%
Aleksandar Radojević
5%
Ratko Varda
5%
J.R. Bremer
0%
No matching quizzes found
Score Distribution
Percent of People with Each Score
Percentile by Number Answered
Your Score History
You have not taken this quiz